UK - All answers begin with B - Statistics

General Stats
  • This quiz has been taken 38 times
  • The average score is 10 of 20
Answer Stats
Hint Answer % Correct
Where the Titanic was built Belfast
100%
City known to the Romans as Aquae Sulis Bath
94%
Highest Mountain in UK Ben Nevis
91%
Second-largest city in UK Birmingham
91%
City containing a pier and a pavilion Brighton
74%
Name of ship whose crew mutinied and founded the British colony at Pitcairn Bounty
71%
British territory in mid-Atlantic Bermuda
69%
Lancashire town, mentioned in “Albert and the Lion” Blackpool
54%
Rural Derbyshire town famed for its tarts Bakewell
49%
Coastal resort and the largest town in Dorset Bournemouth
49%
W Yorks city of 350,000 people Bradford
49%
Cathedral City in N Wales connected to Anglesey by the Menai bridge Bangor
43%
National Park in S Wales Brecon Beacons
43%
Stretch of water between Devon & S Wales Bristol Channel
40%
Moorland area in Cornwall Bodmin Moor
26%
Southernmost of the major islands of the Outer Hebrides Barra
17%
Famous Library in Oxford Bodleian
14%
Scottish island in the firth of Clyde, chief town Rothesay Bute
14%
Popular Dorset island in Poole harbour Brownsea
9%
Highest point in Cornwall Brown Willy
3%
No matching quizzes found
Score Distribution
Percent of People with Each Score
Percentile by Number Answered
Your Score History
You have not taken this quiz